[Event "COL-ch rapid"]
[Site "Quibdo"]
[Date "2015.11.09"]
[Round "2"]
[White "Arenas Vanegas, David"]
[Black "Otero Martinez, Daniel"]
[Result "1/2-1/2"]
[WhiteElo "2411"]
[BlackElo "2185"]
[PlyCount "72"]
[EventDate "2015.11.09"]
[EventType "swiss (rapid)"]
[EventRounds "9"]
[EventCountry "COL"]
[SourceTitle "CBM 169 Extra"]
[Source "ChessBase"]
[SourceDate "2015.12.18"]
[SourceVersion "1"]
[SourceVersionDate "2015.12.18"]
[SourceQuality "1"]

1. e4 c5 2. Nf3 Nf6 3. e5 Nd5 4. c3 e6 5. d4 d6 6. Bc4 Be7 7. 0-0 0-0 8. Qe2 Nc6 9. Rd1 cxd4 10. cxd4 Na5 11. Bxd5 exd5 12. h3 Bf5 13. Nc3 Be6 14. Bf4 Rc8 15. Rac1 Re8 16. exd6 Bxd6 17. Bxd6 Qxd6 18. Qb5 Nc4 19. b3 a6 20. Qxb7 Rc7 21. Qxc7 Qxc7 22. bxc4 Qxc4 23. Ne5 Qb4 24. Ne2 f6 25. Nd3 Qa3 26. Nef4 Bf7 27. Nc5 g5 28. Nfd3 Re2 29. Rb1 Qc3 30. Nb4 Rd2 31. Rxd2 Qxd2 32. Nc6 Qxa2 33. Rb8+ Kg7 34. Rb7 Qc2 35. Nd8 Qc1+ 36. Kh2 Qf4+ 1/2-1/2

[Event "COL-ch blitz"]
[Site "Quibdo"]
[Date "2015.11.08"]
[Round "5"]
[White "Martinez Romero, Martin"]
[Black "Otero Martinez, Daniel"]
[Result "1-0"]
[WhiteElo "2477"]
[BlackElo "1960"]
[PlyCount "79"]
[EventDate "2015.11.08"]
[EventType "swiss (blitz)"]
[EventRounds "18"]
[EventCountry "COL"]
[SourceTitle "CBM 169 Extra"]
[Source "ChessBase"]
[SourceDate "2015.12.18"]
[SourceVersion "1"]
[SourceVersionDate "2015.12.18"]
[SourceQuality "1"]

1. e4 e6 2. d4 d5 3. Nc3 Nf6 4. Bg5 Bb4 5. e5 h6 6. Bd2 Bxc3 7. bxc3 Nfd7 8. Qg4 Kf8 9. h4 h5 10. Qf4 c5 11. Nf3 Nc6 12. Ng5 Qe7 13. Rh3 Ke8 14. Bb5 Nd8 15. Kf1 a6 16. Bd3 c4 17. Be2 b5 18. Rg3 Rb8 19. Nh3 g6 20. Qf3 Nc6 21. Re1 Qxh4 22. Bd1 Qe7 23. Bg5 Qf8 24. Bf6 Rg8 25. Nf4 Nxf6 26. exf6 Kd8 27. Nxd5 exd5 28. Qxd5+ Bd7 29. Rge3 Kc7 30. Bf3 Qd6 31. Qg5 Rbe8 32. d5 Nd8 33. Re7 Rxe7 34. fxe7 Nb7 35. a4 Re8 36. axb5 axb5 37. Qe3 f5 38. Qa7 Qb6 39. d6+ Qxd6 40. Qxb7# 1-0

[Event "COL-ch blitz"]
[Site "Quibdo"]
[Date "2015.11.08"]
[Round "16"]
[White "Otalora Pacheco, Carlos Eduardo"]
[Black "Otero Martinez, Daniel"]
[Result "1-0"]
[WhiteElo "2165"]
[BlackElo "1960"]
[PlyCount "115"]
[EventDate "2015.11.08"]
[EventType "swiss (blitz)"]
[EventRounds "18"]
[EventCountry "COL"]
[SourceTitle "CBM 169 Extra"]
[Source "ChessBase"]
[SourceDate "2015.12.18"]
[SourceVersion "1"]
[SourceVersionDate "2015.12.18"]
[SourceQuality "1"]

1. d4 Nf6 2. Nf3 e6 3. g3 b6 4. Bg2 Bb7 5. 0-0 Be7 6. c4 0-0 7. Nc3 Ne4 8. Qc2 f5 9. Bd2 Nxc3 10. Bxc3 Be4 11. Qd2 a5 12. Ne1 Bxg2 13. Nxg2 d6 14. Rad1 Nd7 15. f3 Nf6 16. Nf4 Qd7 17. d5 e5 18. Ne6 Rf7 19. Qd3 g6 20. e4 fxe4 21. fxe4 Bf8 22. Ng5 Bg7 23. Nxf7 Qxf7 24. Bd2 Qd7 25. Rf3 Qg4 26. Re1 h5 27. Kg2 h4 28. h3 Qd7 29. g4 Nh7 30. Ref1 Rf8 31. b3 Rf6 32. Rxf6 Bxf6 33. Qf3 Qe7 34. a3 Kg7 35. b4 axb4 36. axb4 Bg5 37. Bxg5 Qxg5 38. Rf2 Kh6 39. c5 bxc5 40. bxc5 dxc5 41. Re2 Nf6 42. Qe3 Nd7 43. Kf3 c4 44. Rc2 Nb6 45. Qxg5+ Kxg5 46. Ke3 Kf6 47. Rc3 Kg5 48. Rc1 Kf6 49. Rf1+ Kg5 50. Rf7 Na8 51. Re7 Kf6 52. Re6+ Kf7 53. Rxe5 Nb6 54. Re6 c3 55. Rc6 c2 56. Rxc7+ Kf6 57. Rc6+ Ke5 58. Re6# 1-0

[Event "COL-ch blitz"]
[Site "Quibdo"]
[Date "2015.11.08"]
[Round "1"]
[White "Otero Martinez, Daniel"]
[Black "Dominguez, Ramiro"]
[Result "0-1"]
[WhiteElo "1960"]
[BlackElo "2272"]
[PlyCount "126"]
[EventDate "2015.11.08"]
[EventType "swiss (blitz)"]
[EventRounds "18"]
[EventCountry "COL"]
[SourceTitle "CBM 169 Extra"]
[Source "ChessBase"]
[SourceDate "2015.12.18"]
[SourceVersion "1"]
[SourceVersionDate "2015.12.18"]
[SourceQuality "1"]

1. e4 e5 2. Nf3 Nc6 3. Bc4 Nf6 4. 0-0 Be7 5. d4 d6 6. dxe5 Nxe5 7. Nxe5 dxe5 8. Qe2 c6 9. Rd1 Qc7 10. Nd2 0-0 11. Nf1 a5 12. a4 Bg4 13. f3 Bh5 14. Ng3 Bg6 15. Be3 Rad8 16. Qf2 c5 17. Ne2 b6 18. Nc3 Rxd1+ 19. Rxd1 Rd8 20. Qe2 h6 21. b3 Bh5 22. Bd5 Bf8 23. g4 Bg6 24. h4 h5 25. g5 Ne8 26. Nb5 Qe7 27. Bf2 Nd6 28. Bg3 Kh7 29. Qh2 f6 30. gxf6 gxf6 31. c4 Bh6 32. Qh3 Bf7 33. Nxd6 Rxd6 34. Qf5+ Bg6 35. Qc8 Rd8 36. Qc6 Rd6 37. Bg8+ Kxg8 38. Qxd6 Be3+ 39. Kh2 Qg7 40. Qd8+ Kh7 41. Rd7 Bf7 42. Qe7 Kg6 43. Rb7 Bd4 44. Rxb6 Qh8 45. Rb7 Qg8 46. Rb6 Qh8 47. Bxe5 Bxe5+ 48. Qxe5 Qd8 49. Qf5+ Kg7 50. Qxf6+ Qxf6 51. Rxf6 Kxf6 52. f4 Be6 53. Kg3 Bg4 54. Kf2 Bd1 55. Ke3 Bxb3 56. Kd3 Bxa4 57. Kc3 Bc6 58. Kd3 a4 59. e5+ Kf5 60. Kc3 Bd7 61. Kb2 Kxf4 62. Ka3 Kxe5 63. Kb2 Kd4 0-1

[Event "COL-ch blitz"]
[Site "Quibdo"]
[Date "2015.11.08"]
[Round "7"]
[White "Otero Martinez, Daniel"]
[Black "Rios, Cristhian Camilo"]
[Result "1/2-1/2"]
[WhiteElo "1960"]
[BlackElo "2431"]
[PlyCount "126"]
[EventDate "2015.11.08"]
[EventType "swiss (blitz)"]
[EventRounds "18"]
[EventCountry "COL"]
[SourceTitle "CBM 169 Extra"]
[Source "ChessBase"]
[SourceDate "2015.12.18"]
[SourceVersion "1"]
[SourceVersionDate "2015.12.18"]
[SourceQuality "1"]

1. e4 c5 2. Nf3 e6 3. c3 d5 4. exd5 exd5 5. d4 c4 6. Be2 Bd6 7. 0-0 Ne7 8. b3 cxb3 9. axb3 Nbc6 10. c4 Bg4 11. h3 Bh5 12. Nc3 0-0 13. c5 Bb8 14. Re1 b6 15. cxb6 Qxb6 16. Ba3 Rd8 17. Bc5 Qc7 18. Nb5 Qf4 19. Qd2 a6 20. Qxf4 Bxf4 21. Na3 Nc8 22. Nc2 a5 23. b4 Bg6 24. Ne3 Bxe3 25. fxe3 Nd6 26. b5 Nb4 27. Rec1 Ne4 28. b6 Nc6 29. Bb5 Rac8 30. b7 Rc7 31. Bb6 Rxb7 32. Bxd8 Rxb5 33. Rxc6 h5 34. Ne5 Bf5 35. g4 hxg4 36. hxg4 Be6 37. Ra6 Rb3 38. R6xa5 Rxe3 39. R5a3 Re2 40. R1a2 Re1+ 41. Kg2 f6 42. Nf3 Rb1 43. Ra8 Bxg4 44. Bxf6+ Kh7 45. Ng5+ Kg6 46. Nxe4 dxe4 47. Be5 e3 48. R8a6+ Kf5 49. Bxg7 e2 50. Rxe2 Bxe2 51. Ra5+ Kg4 52. Bf6 Rb2 53. Rg5+ Kf4 54. Kg1 Bf3 55. Re5 Be4 56. Bg5+ Kf3 57. Re8 Bc6 58. Re3+ Kg4 59. Bh6 Rb4 60. Bg7 Kf4 61. Bh6+ Kg4 62. Bg7 Kf4 63. Bh6+ Kg4 1/2-1/2

[Event "COL-ch blitz"]
[Site "Quibdo"]
[Date "2015.11.08"]
[Round "13"]
[White "Otero Martinez, Daniel"]
[Black "Rodriguez, German Enrique"]
[Result "0-1"]
[WhiteElo "1960"]
[BlackElo "2167"]
[PlyCount "82"]
[EventDate "2015.11.08"]
[EventType "swiss (blitz)"]
[EventRounds "18"]
[EventCountry "COL"]
[SourceTitle "CBM 169 Extra"]
[Source "ChessBase"]
[SourceDate "2015.12.18"]
[SourceVersion "1"]
[SourceVersionDate "2015.12.18"]
[SourceQuality "1"]

1. e4 c5 2. Nf3 e6 3. c3 d5 4. exd5 Qxd5 5. d4 Nc6 6. Be2 Nf6 7. 0-0 cxd4 8. cxd4 Be7 9. Nc3 Qd8 10. Be3 0-0 11. Ne5 Nb4 12. Qd2 Nbd5 13. Rac1 Bd7 14. Bd3 Nxc3 15. bxc3 Rc8 16. Rfe1 Bc6 17. f3 b6 18. Bb1 Bb7 19. Qd3 g6 20. Bc2 Nd5 21. Bd2 Bg5 22. Bb3 Bf6 23. c4 Ne7 24. Bc3 Nf5 25. Rcd1 Qd6 26. Qd2 Rfd8 27. Kh1 Bg7 28. Bb2 h5 29. d5 exd5 30. cxd5 h4 31. Ng4 h3 32. Bxg7 hxg2+ 33. Kxg2 Nxg7 34. Qg5 Nh5 35. Re7 Rc7 36. Nh6+ Kf8 37. Rxc7 Qxc7 38. d6 Qc3 39. Qxd8+ Kg7 40. Ng4 Qxf3+ 41. Kg1 Qg2# 0-1

[Event "COL-ch blitz"]
[Site "Quibdo"]
[Date "2015.11.08"]
[Round "12"]
[White "Otero Martinez, Daniel"]
[Black "Tovio, Israel"]
[Result "0-1"]
[WhiteElo "1960"]
[BlackElo "2300"]
[PlyCount "120"]
[EventDate "2015.11.08"]
[EventType "swiss (blitz)"]
[EventRounds "18"]
[EventCountry "COL"]
[SourceTitle "CBM 169 Extra"]
[Source "ChessBase"]
[SourceDate "2015.12.18"]
[SourceVersion "1"]
[SourceVersionDate "2015.12.18"]
[SourceQuality "1"]

1. e4 c5 2. Nf3 Nf6 3. e5 Nd5 4. c4 Nc7 5. d4 cxd4 6. Qxd4 Nc6 7. Qe4 g6 8. Nc3 Bg7 9. h4 h5 10. Bg5 Ne6 11. 0-0-0 Qa5 12. Rd5 Qc7 13. Be2 b6 14. Rhd1 Nb4 15. Rxd7 Bxd7 16. Qxa8+ Bc8 17. Nb5 Qb7 18. Qxa7 Qxa7 19. Nxa7 Bb7 20. a3 Na6 21. Be3 Nac5 22. b4 Na4 23. Kc2 0-0 24. Kb3 Ra8 25. Kxa4 Rxa7+ 26. Kb3 Ra6 27. b5 Ra8 28. Bxb6 Nf4 29. Bf1 Bxf3 30. gxf3 Bxe5 31. Rd8+ Rxd8 32. Bxd8 Kf8 33. b6 Ke8 34. Bc7 Bxc7 35. bxc7 Kd7 36. Kc3 g5 37. hxg5 h4 38. Kd4 h3 39. Bxh3+ Nxh3 40. g6 fxg6 41. Ke5 Nxf2 42. c8Q+ Kxc8 43. Ke6 Kd8 44. Kf7 Nd3 45. Kxg6 Ne5+ 46. Kf5 Nxc4 47. a4 Kd7 48. Kg5 Ke6 49. Kg6 Ne5+ 50. Kh5 Nxf3 51. a5 Nd4 52. a6 Nb5 53. Kg6 Kd5 54. Kf5 e5 55. Kg4 e4 56. Kg3 Kd4 57. Kf2 Kd3 58. Ke1 Ke3 59. Kd1 Kf2 60. Kd2 e3+ 0-1

[Event "COL-ch blitz"]
[Site "Quibdo"]
[Date "2015.11.08"]
[Round "14"]
[White "Rodriguez, German Enrique"]
[Black "Otero Martinez, Daniel"]
[Result "0-1"]
[WhiteElo "2167"]
[BlackElo "1960"]
[PlyCount "66"]
[EventDate "2015.11.08"]
[EventType "swiss (blitz)"]
[EventRounds "18"]
[EventCountry "COL"]
[SourceTitle "CBM 169 Extra"]
[Source "ChessBase"]
[SourceDate "2015.12.18"]
[SourceVersion "1"]
[SourceVersionDate "2015.12.18"]
[SourceQuality "1"]

1. Nf3 e6 2. c4 d5 3. g3 dxc4 4. Qa4+ Bd7 5. Qxc4 Bc6 6. Bg2 Nf6 7. 0-0 Be7 8. d4 0-0 9. Nc3 Nbd7 10. e4 Nxe4 11. Ne5 Nxe5 12. dxe5 Nxc3 13. Bxc6 bxc6 14. Qxc3 Qd5 15. Be3 Rfd8 16. Rac1 Qxa2 17. Qxc6 Qxb2 18. Qxc7 Bf8 19. Rb1 Qe2 20. Rb7 Qf3 21. Bf4 Qh5 22. Rxa7 Rac8 23. Qb7 Bc5 24. Kg2 Bxa7 25. Qxa7 Rd1 26. Qa6 Rcd8 27. Qa5 Qe2 28. Rxd1 Qxd1 29. Qb6 h6 30. h4 Qd5+ 31. Kg1 Ra8 32. Qb2 Qf3 33. Be3 Rd8 0-1

[Event "COL-ch U26"]
[Site "Cali"]
[Date "2014.10.21"]
[Round "6"]
[White "Otero Martinez, Daniel"]
[Black "Torrente, Alejandro Josue"]
[Result "1-0"]
[WhiteElo "2179"]
[BlackElo "1627"]
[PlyCount "95"]
[EventDate "2014.10.19"]
[EventType "swiss"]
[EventRounds "6"]
[EventCountry "COL"]
[SourceTitle "EXT 2015"]
[Source "ChessBase"]
[SourceDate "2014.11.20"]
[SourceVersion "1"]
[SourceVersionDate "2014.11.20"]
[SourceQuality "1"]

1. e4 e5 2. Nf3 Nc6 3. Bc4 Bc5 4. b4 Bb6 5. a4 a6 6. Bb2 d6 7. a5 Ba7 8. b5 axb5 9. Bxb5 Bd7 10. 0-0 Nf6 11. Qe2 0-0 12. d3 Qe7 13. Bxc6 Bxc6 14. Nbd2 Nh5 15. g3 Nf6 16. Nc4 Bd7 17. Kg2 h6 18. Ne3 Bxe3 19. fxe3 Qe6 20. Kh1 Qg4 21. Bc3 Qh5 22. Ng1 Bg4 23. Qg2 Nh7 24. Rab1 Bc8 25. h3 Nf6 26. Qh2 Ra6 27. Bd2 d5 28. exd5 Nxd5 29. e4 Ne7 30. g4 Qg6 31. Qxe5 Qd6 32. Qxd6 Rxd6 33. Bb4 Re6 34. Ne2 Re8 35. Nd4 Re5 36. Bxe7 R5xe7 37. Rb5 Re5 38. Rfb1 c6 39. Rxe5 Rxe5 40. Nxc6 bxc6 41. Rb8 Rxa5 42. Rxc8+ Kh7 43. Rxc6 h5 44. Kg2 f6 45. d4 Kg8 46. Rc7 hxg4 47. hxg4 Kf8 48. d5 1-0

[Event "COL-ch"]
[Site "Ibague"]
[Date "2013.07.06"]
[Round "9"]
[White "Otero Martinez, Daniel"]
[Black "Herrera, Juan Sebastian"]
[Result "1/2-1/2"]
[WhiteElo "2135"]
[BlackElo "2205"]
[PlyCount "88"]
[EventDate "2013.07.01"]
[EventType "swiss"]
[EventRounds "11"]
[EventCountry "COL"]
[SourceTitle "EXT 2014"]
[Source "ChessBase"]
[SourceDate "2013.11.20"]
[SourceVersion "1"]
[SourceVersionDate "2013.11.20"]
[SourceQuality "1"]

1. Nf3 d5 2. g3 Nf6 3. Bg2 c6 4. 0-0 Bg4 5. Ne5 Nbd7 6. Nxg4 Nxg4 7. e4 Ngf6 8. exd5 Nxd5 9. d4 N7b6 10. Qe2 e6 11. Rd1 Be7 12. Nd2 0-0 13. Nf3 Bf6 14. c4 Ne7 15. Bf4 Ng6 16. Be3 Qe7 17. h4 Qb4 18. Rac1 Rfe8 19. Ng5 Rad8 20. Ne4 Be7 21. h5 Nf8 22. Qc2 Nbd7 23. Bf4 Qa5 24. c5 e5 25. dxe5 Ne6 26. Bd2 Qc7 27. Nd6 Rf8 28. Be4 h6 29. b4 Nxe5 30. Bc3 Bf6 31. Qe2 Nd7 32. Bf5 Bxc3 33. Rxc3 Nf6 34. Bxe6 fxe6 35. Qxe6+ Kh7 36. Rcd3 Nxh5 37. Kg2 Nf6 38. Qf5+ Kg8 39. Qe6+ Kh7 40. Qf5+ g6 41. Qe6 Qd7 42. Qxd7+ Rxd7 43. Re1 Rfd8 44. a3 Kg7 1/2-1/2

[Event "COL-ch"]
[Site "Ibague"]
[Date "2013.07.06"]
[Round "10"]
[White "Zuluaga Mancilla, Cesar"]
[Black "Otero Martinez, Daniel"]
[Result "1/2-1/2"]
[WhiteElo "2402"]
[BlackElo "2135"]
[PlyCount "126"]
[EventDate "2013.07.01"]
[EventType "swiss"]
[EventRounds "11"]
[EventCountry "COL"]
[SourceTitle "EXT 2014"]
[Source "ChessBase"]
[SourceDate "2013.11.20"]
[SourceVersion "1"]
[SourceVersionDate "2013.11.20"]
[SourceQuality "1"]

1. d4 Nf6 2. Nf3 e6 3. Bf4 b6 4. e3 Bb7 5. Nbd2 c5 6. c3 Be7 7. h3 0-0 8. Bd3 d6 9. Qe2 Re8 10. 0-0 Nc6 11. Bh2 Bf8 12. Rfd1 a6 13. a3 cxd4 14. exd4 Ne7 15. Re1 Ng6 16. Qd1 Nd5 17. Qb1 b5 18. a4 Bc6 19. axb5 axb5 20. Qc2 Qd7 21. Bf1 Nb6 22. Qb3 Rxa1 23. Rxa1 Ra8 24. Rxa8 Nxa8 25. Ne1 Nb6 26. Nd3 Bd5 27. Qc2 Nc4 28. Nb1 Na5 29. Nc1 Bc4 30. Nd2 d5 31. Nd3 Bxd3 32. Bxd3 b4 33. Bg3 Qb7 34. h4 bxc3 35. bxc3 Be7 36. Qa4 Nc6 37. h5 Nf8 38. Bb5 Nb8 39. Nf3 Nbd7 40. Bf4 Nf6 41. h6 Ng6 42. Bd2 Ne4 43. hxg7 Kxg7 44. Be1 Nd6 45. Bf1 Qb1 46. g3 Ne4 47. c4 Ng5 48. Nxg5 Qxe1 49. Nf3 Qe4 50. Qb3 dxc4 51. Bxc4 Bf6 52. d5 exd5 53. Bxd5 Qe7 54. Kg2 Qd7 55. Nh2 h5 56. Qf3 h4 57. Ng4 Qe7 58. Ne3 hxg3 59. Nf5+ Kf8 60. fxg3 Qd8 61. Nh6 Ne5 62. Qa3+ Be7 63. Qa2 Bg5 1/2-1/2

[Event "COL-ch"]
[Site "Ibague"]
[Date "2013.07.05"]
[Round "8"]
[White "Mendoza, Rafael Enrique"]
[Black "Otero Martinez, Daniel"]
[Result "0-1"]
[WhiteElo "2334"]
[BlackElo "2135"]
[PlyCount "95"]
[EventDate "2013.07.01"]
[EventType "swiss"]
[EventRounds "11"]
[EventCountry "COL"]
[SourceTitle "EXT 2014"]
[Source "ChessBase"]
[SourceDate "2013.11.20"]
[SourceVersion "1"]
[SourceVersionDate "2013.11.20"]
[SourceQuality "1"]

1. e4 e5 2. Nf3 Nc6 3. Bb5 d6 4. d4 exd4 5. Nxd4 Bd7 6. Bxc6 bxc6 7. 0-0 g6 8. Nc3 Bg7 9. Bf4 Nf6 10. Qd2 Ng4 11. Nf3 f6 12. Qe2 0-0 13. Nd4 Kh8 14. Rad1 Ne5 15. Bc1 c5 16. Nb3 a5 17. Nd5 a4 18. Nd2 Nc6 19. c3 f5 20. Nf3 h6 21. Nf4 Kh7 22. exf5 Rxf5 23. Ne6 Qe8 24. Rfe1 Qxe6 25. Qxe6 Bxe6 26. Rxe6 a3 27. bxa3 Bxc3 28. h3 Rf7 29. Nh4 Rf6 30. Re4 Raf8 31. Rd3 Bd4 32. Nf3 Ne5 33. Rb3 Nxf3+ 34. gxf3 Rxf3 35. Rxf3 Rxf3 36. Re2 g5 37. Kg2 Rc3 38. Re7+ Kg6 39. Be3 Bxe3 40. fxe3 Rxa3 41. Kf3 Ra7 42. Ke4 c4 43. Re6+ Kg7 44. Kd4 Rxa2 45. Kxc4 Rh2 46. Kd4 Rxh3 47. Re7+ Kf6 48. Rxc7 0-1

[Event "San Cristobal Bolivar op 1st"]
[Site "San Cristobal"]
[Date "2012.09.27"]
[Round "4"]
[White "Pazos Gambarrotti, Plinio Efrain"]
[Black "Otero Martinez, Daniel"]
[Result "1/2-1/2"]
[WhiteElo "2271"]
[BlackElo "2107"]
[PlyCount "98"]
[EventDate "2012.09.25"]
[EventType "swiss"]
[EventRounds "10"]
[EventCountry "VEN"]
[SourceTitle "EXT 2013"]
[Source "ChessBase"]
[SourceDate "2012.11.22"]
[SourceVersion "1"]
[SourceVersionDate "2012.11.22"]
[SourceQuality "1"]

1. e4 c5 2. Nf3 Nc6 3. d4 cxd4 4. Nxd4 Nf6 5. Nc3 e5 6. Ndb5 d6 7. Bg5 a6 8. Na3 b5 9. Nd5 Be7 10. Bxf6 Bxf6 11. c4 b4 12. Nc2 a5 13. g3 0-0 14. b3 g6 15. h4 Bg7 16. h5 Be6 17. hxg6 hxg6 18. Bg2 Ra7 19. 0-0 Qg5 20. Qd2 Rd7 21. Rad1 Qd8 22. Qe3 Nd4 23. Qd3 Bxd5 24. exd5 Nxc2 25. Qxc2 Qb6 26. Bh3 f5 27. Rfe1 Rdf7 28. Kg2 Qc5 29. f4 Re7 30. Re2 Rfe8 31. Rde1 Qc7 32. g4 exf4 33. gxf5 gxf5 34. Bxf5 Rxe2+ 35. Rxe2 Rxe2+ 36. Qxe2 Be5 37. Qh5 Kf8 38. Kf3 Qf7 39. Bg6 Qf6 40. Bf5 Qg7 41. Bg6 Qf6 42. Ke4 f3 43. Qxf3 Qxf3+ 44. Kxf3 Kg7 45. c5 dxc5 46. Ke4 Kf6 47. Be8 Bc7 48. Kd3 Ke5 49. Kc4 Kd6 1/2-1/2

[Event "San Cristobal Bolivar op 1st"]
[Site "San Cristobal"]
[Date "2012.09.26"]
[Round "2"]
[White "Zuluaga Mancilla, Cesar"]
[Black "Otero Martinez, Daniel"]
[Result "1/2-1/2"]
[WhiteElo "2394"]
[BlackElo "2107"]
[PlyCount "82"]
[EventDate "2012.09.25"]
[EventType "swiss"]
[EventRounds "10"]
[EventCountry "VEN"]
[SourceTitle "EXT 2013"]
[Source "ChessBase"]
[SourceDate "2012.11.22"]
[SourceVersion "1"]
[SourceVersionDate "2012.11.22"]
[SourceQuality "1"]

1. d4 Nf6 2. Nf3 e6 3. Bg5 Be7 4. e3 Ne4 5. Bf4 f5 6. Nbd2 Nxd2 7. Qxd2 b6 8. 0-0-0 Bb7 9. c4 d5 10. Ne5 0-0 11. f3 c5 12. Kb1 Nc6 13. Nxc6 Bxc6 14. Be5 Bf6 15. f4 Qe7 16. Qf2 Rfd8 17. Be2 Rac8 18. Rc1 Bxe5 19. fxe5 dxc4 20. Bxc4 b5 21. Bb3 c4 22. Bc2 b4 23. Rhg1 Qb7 24. Ka1 b3 25. Bb1 Qa6 26. Qf1 bxa2 27. Bxa2 Be4 28. Rc3 Bd3 29. Qe1 Rd5 30. Ra3 Qb6 31. g3 Be4 32. Qc3 Rb5 33. Rf1 Bd3 34. Rd1 Rb8 35. Rd2 a5 36. Bb1 Bxb1 37. Kxb1 Qc6 38. Rc2 Qd5 39. Ra4 Rb4 40. Qa3 Qh1+ 41. Ka2 Qe4 1/2-1/2

[Event "San Cristobal Bolivar op 1st"]
[Site "San Cristobal"]
[Date "2012.09.25"]
[Round "1"]
[White "Otero Martinez, Daniel"]
[Black "Valderrama Espinosa, Gilberto"]
[Result "1-0"]
[WhiteElo "2107"]
[BlackElo "2241"]
[PlyCount "115"]
[EventDate "2012.09.25"]
[EventType "swiss"]
[EventRounds "10"]
[EventCountry "VEN"]
[SourceTitle "EXT 2013"]
[Source "ChessBase"]
[SourceDate "2012.11.22"]
[SourceVersion "1"]
[SourceVersionDate "2012.11.22"]
[SourceQuality "1"]

1. e4 e5 2. Nf3 d6 3. d4 f5 4. Nc3 Nf6 5. dxe5 Nxe4 6. Bc4 Nc6 7. Qd5 Qe7 8. Nxe4 fxe4 9. Bg5 Qd7 10. Qxe4 Qf5 11. Qxf5 Bxf5 12. exd6 Bxd6 13. 0-0-0 h6 14. Rhe1+ Kf8 15. Bd2 g5 16. Bc3 Rh7 17. h4 Rd8 18. Kb1 Be7 19. g3 Rxd1+ 20. Rxd1 Bg4 21. Rd3 gxh4 22. gxh4 Bf5 23. Rd2 Be4 24. Nd4 Nxd4 25. Rxd4 Bg6 26. Rg4 Bf7 27. Bd3 Bh5 28. Rg1 Rf7 29. Bc4 Bxh4 30. Bxf7 Bxf7 31. Bg7+ Ke7 32. Re1+ Be6 33. Bxh6 Bxf2 34. Bg5+ Kd7 35. Rh1 Bg3 36. a4 a5 37. Rf1 b6 38. Bf4 Bh4 39. Rh1 Bd8 40. Rh7+ Kc6 41. Rh8 Kd7 42. Rh7+ Kc6 43. b3 Bf5 44. Rh5 Bg4 45. Rh8 Kd7 46. Rg8 Be6 47. Rg7+ Kc6 48. Bg5 Bxg5 49. Rxg5 Kd6 50. c4 c6 51. Kc2 Bh3 52. Kd3 Bf1+ 53. Kd4 c5+ 54. Ke4 Be2 55. Ke3 Bf1 56. Rg3 Ke5 57. Kf2 Kf4 58. Rc3 1-0

[Event "Central America Carribean-ch U20"]
[Site "Medellin"]
[Date "2009.08.03"]
[Round "7"]
[White "Del Castilho, Martyn Simon"]
[Black "Otero Martinez, Daniel"]
[Result "1/2-1/2"]
[WhiteElo "2181"]
[BlackElo "2097"]
[PlyCount "72"]
[EventDate "2009.07.30"]
[EventType "swiss"]
[EventRounds "9"]
[EventCountry "COL"]
[SourceTitle "CBM 131 Extra"]
[Source "ChessBase"]
[SourceDate "2009.09.03"]
[SourceVersion "2"]
[SourceVersionDate "2009.09.16"]
[SourceQuality "1"]

1. d4 Nf6 2. c4 e6 3. g3 d5 4. Bg2 Be7 5. Nf3 0-0 6. 0-0 dxc4 7. Qc2 a6 8. Qxc4 b5 9. Qc2 Bb7 10. Bd2 Be4 11. Qc1 Bb7 12. Bg5 Qc8 13. Rd1 Nbd7 14. Nbd2 c5 15. dxc5 Bxc5 16. Nb3 Bb6 17. Qxc8 Raxc8 18. Bxf6 Nxf6 19. Ne1 Bd5 20. Bxd5 Nxd5 21. Rac1 Rc4 22. Nd2 Rxc1 23. Rxc1 Ne7 24. Nd3 Rc8 25. Rxc8+ Nxc8 26. Nb3 Kf8 27. Kf1 a5 28. Ke1 Ke7 29. Kd2 Kd6 30. Kc3 Ne7 31. e4 Nc6 32. f4 h5 33. Nd2 Nd4 34. a4 Ne2+ 35. Kb3 Nd4+ 36. Kc3 Ne2+ 1/2-1/2

[Event "Central America Carribean-ch U20"]
[Site "Medellin"]
[Date "2009.08.03"]
[Round "8"]
[White "Otero Martinez, Daniel"]
[Black "Ruiz Blais, Sebastian"]
[Result "1-0"]
[WhiteElo "2097"]
[BlackElo "2217"]
[PlyCount "55"]
[EventDate "2009.07.30"]
[EventType "swiss"]
[EventRounds "9"]
[EventCountry "COL"]
[SourceTitle "CBM 131 Extra"]
[Source "ChessBase"]
[SourceDate "2009.09.03"]
[SourceVersion "2"]
[SourceVersionDate "2009.09.16"]
[SourceQuality "1"]

1. Nf3 Nf6 2. g3 b5 3. Bg2 Bb7 4. 0-0 e6 5. d4 c5 6. c3 Qb6 7. a4 a6 8. axb5 axb5 9. Rxa8 Bxa8 10. Nbd2 cxd4 11. Nxd4 Bxg2 12. Kxg2 e5 13. Nc2 Qb7+ 14. Nf3 Be7 15. Bg5 0-0 16. Ne3 Qe4 17. Bxf6 Bxf6 18. Qd5 Qxd5 19. Nxd5 Nc6 20. Ra1 Rd8 21. e4 d6 22. Ne1 Be7 23. Nc2 Bf8 24. Ra6 Rc8 25. Ncb4 Nd8 26. Ra7 g6 27. Na6 Rc6 28. Nac7 1-0